Sports Quiz

Random Sports or Year Quiz
Score 0/100 Timer 15:00
2 Plays Today
Year, Team, Pos Player % Correct
2016, LAA, CFMike Trout
94.9%
2004, SFG, LFBarry Bonds
94.6%
1999, NYY, SSDerek Jeter
94%
2015, WAS, RFBryce Harper
93%
2014, LAD, SPClayton Kershaw
92.8%
2001, ARI, SPRandy Johnson
92.7%
2012, DET, SPJustin Verlander
92.1%
1921, NYY, LFBabe Ruth
91.3%
2008, STL, 1BAlbert Pujols
91%
2018, BOS, RFMookie Betts
90.9%
1996, SEA, CFKen Griffey, Jr.
88.3%
2017, CHC, 3BKris Bryant
88%
2000, BOS, SPPedro Martínez
87.6%
1947, BRO, 1BJackie Robinson
87.5%
1964, BAL, 3BBrooks Robinson
86.7%
1960, CIN, 1BFrank Robinson
86.6%
1998, CHC, RFSammy Sosa
85.5%
1992, CHW, 1BFrank Thomas
85%
2013, PIT, CFAndrew McCutchen
84.1%
2007, NYM, 3BDavid Wright
83.1%
2010, TEX, LFJosh Hamilton
82.4%
1976, CIN, 3BPete Rose
82%
1961, NYY, CFMickey Mantle
81.2%
1990, BOS, SPRoger Clemens
81.1%
1969, OAK, RFReggie Jackson
80.4%
1983, OAK, LFRickey Henderson
80.3%
1991, BAL, SSCal Ripken
80.2%
1995, ATL, SPGreg Maddux
80.1%
1987, SDP, RFTony Gwynn
79.5%
1963, MLN, RFHank Aaron
79.2%
1920, DET, CFTy Cobb
79%
1942, BOS, LFTed Williams
78.8%
1967, PIT, RFRoberto Clemente
78.7%
2019, NYM, 1BPete Alonso
78.6%
Year, Team, Pos Player % Correct
1955, NYG, CFWillie Mays
78.2%
1985, KCR, 3BGeorge Brett
78.2%
1994, HOU, 1BJeff Bagwell
78%
2006, MIN, SPJohan Santana
77.7%
1939, NYY, CFJoe DiMaggio
77.3%
1970, CIN, CJohnny Bench
76.2%
1981, PHI, 3BMike Schmidt
76%
2009, KCR, SPZack Greinke
76%
1988, BOS, 3BWade Boggs
75.1%
1934, NYY, 1BLou Gehrig
74.3%
1966, LAD, SPSandy Koufax
74.2%
1989, MIN, CFKirby Puckett
73.4%
2003, TOR, SPRoy Halladay
72.5%
1958, CHC, SSErnie Banks
70.4%
1986, NYM, SPDwight Gooden
69%
1980, MIL, SSRobin Yount
68.5%
1962, STL, SPBob Gibson
68%
1997, COL, RFLarry Walker
67.9%
2005, FLA, SPDontrelle Willis
67.4%
1993, CLE, CFKenny Lofton
67.2%
1984, CHC, 2BRyne Sandberg
67.1%
1973, CAL, SPNolan Ryan
65.7%
1968, BOS, LFCarl Yastrzemski
65.4%
1975, NYM, SPTom Seaver
65.1%
1972, CIN, 2BJoe Morgan
65%
1971, PIT, LFWillie Stargell
62.1%
1982, MON, CFAndre Dawson
61.9%
1944, STL, RFStan Musial
61.2%
2002, OAK, SSMiguel Tejada
60.6%
1978, BOS, CCarlton Fisk
59.6%
1979, SDP, RFDave Winfield
58.6%
2011, TBR, 2BBen Zobrist
57.9%
1974, BAL, SPJim Palmer
57.2%
1977, MIN, 1BRod Carew
57.2%
Year, Team, Pos Player % Correct
1957, CHW, 2BNellie Fox
52.1%
1956, DET, RFAl Kaline
51%
1949, BRO, SSPee Wee Reese
47.9%
1959, MLN, 3BEddie Mathews
47.9%
1935, PHA, 1BJimmie Foxx
47.9%
1965, SFG, SPJuan Marichal
43.7%
1941, CLE, SPBob Feller
42.5%
1951, BSN, SPWarren Spahn
42.5%
1937, DET, 1BHank Greenberg
42.3%
1953, BRO, CFDuke Snider
41.6%
1938, NYG, RFMel Ott
41.4%
1923, STL, 2BRogers Hornsby
41%
1946, PIT, LFRalph Kiner
35.6%
1930, CHC, CFHack Wilson
33%
1936, STL, SPDizzy Dean
32.2%
1948, CLE, CFLarry Doby
31.9%
1952, PHI, SPRobin Roberts
31.6%
1925, CLE, CFTris Speaker
29.9%
1950, PHI, CFRichie Ashburn
28.7%
1928, PIT, RFPaul Waner
22.8%
1929, DET, 2BCharlie Gehringer
22.5%
1954, CHW, LFMinnie Miñoso
21.9%
1943, CHW, SSLuke Appling
19.3%
1945, DET, SPHal Newhouser
18.8%
1940, CLE, SSLou Boudreau
18.4%
1922, SLB, 1BGeorge Sisler
17.9%
1931, PHA, LFAl Simmons
16.3%
1933, PHI, RFChuck Klein
15.4%
1927, STL, 2BFrankie Frisch
14%
1932, NYG, 1BBill Terry
12.3%
1924, BRO, LFZack Wheat
11.1%
1926, CHW, SPTed Lyons
8%
Remove Ads.
Support Sporcle.
Get the best of Sporcle when you Go Orange. This ad-free experience offers more features, more stats, and more fun while also helping to support Sporcle. Thank you for becoming a member.

You're not logged in!

Compare scores with friends on all Sporcle quizzes.
OR
Log In

Sporcle TV

Today on Sporcle TV


Watch our educational content, quiz creation guides, and fun videos on Sporcle TV.

Show Comments

Extras

Top Quizzes Today


Score Distribution

Paid Content

Your Account Isn't Verified!

In order to create a playlist on Sporcle, you need to verify the email address you used during registration. Go to your Sporcle Settings to finish the process.

Report this User

Report this user for behavior that violates our Community Guidelines.

Details: